La Alfalfa : su importancia en la agricultura española, modernas orientaciones en su cultivo, su utilización en la alimentación de los ganados / por José Cruz Lapazarán Beristain su importancia en la agricultura española, modernas orientaciones en su cultivo, su utilización en la alimentación de los ganados / por José Cruz Lapazarán Beristain
Descripción Física:
120 p. : il. ; 21 cm
Colección:
Biblioteca agrícola Salvat
Materias:
Alfals
MARC
| LEADER | 00000nam a2200000Ia 4500 | ||
|---|---|---|---|
| 001 | 14445 | ||
| 008 | 160829s1932 xx 000 0 cat d | ||
| 080 | |a C-2-261 | ||
| 100 | |a Lapazarán Beristain, José Cruz |9 24953 | ||
| 245 | |a La Alfalfa : |b su importancia en la agricultura española, modernas orientaciones en su cultivo, su utilización en la alimentación de los ganados / por José Cruz Lapazarán Beristain | ||
| 260 | |a Barcelona : |b Salvat, |c 1932 | ||
| 300 | |a 120 p. : |b il. ; |c 21 cm | ||
| 490 | |a Biblioteca agrícola Salvat | ||
| 590 | |a Con 23 gravados en el texto | ||
| 650 | |a Alfals |9 24954 | ||
| 901 | |a Arxiu | ||
| 942 | |n 1 | ||
| 952 | |0 0 |1 0 |4 0 |6 C2261 |7 1 |9 43388 |a Arxiu |b Arxiu |d 2016-12-01 |l 0 |o C-2-261 |p 14445 |r 2016-12-01 00:00:00 |w 2016-12-01 |y ARXIU | ||
| 999 | |c 45933 |d 45933 | ||